Philosophy of The Supreme/ (Record no. 205727)

MARC details
000 -LEADER
fixed length control field 00733nam a22002297a 4500
005 - DATE AND TIME OF LATEST TRANSACTION
control field 20250108150212.0
010 ## - LCCN (DPL NO)
LC control number ENG-141681 ENG-143257
020 ## - INTERNATIONAL STANDARD BOOK NUMBER
International Standard Book Number 9789388658782
Terms of availability 1250.00
020 ## - INTERNATIONAL STANDARD BOOK NUMBER
International Standard Book Number 9789392176845
Terms of availability 1500.00
035 ## - SYSTEM CONTROL NUMBER
System control number EN-125213
035 ## - SYSTEM CONTROL NUMBER
System control number EN-126789
037 ## - SOURCE OF ACQUISITION
Source of stock number/acquisition DBAD
082 ## - DEWEY DECIMAL CLASSIFICATION NUMBER
Classification number 230.2
100 ## - MAIN ENTRY--PERSONAL NAME
Personal name Padhi Rama Chandra
245 ## - TITLE STATEMENT
Title Philosophy of The Supreme/
Statement of responsibility, etc By Rama Chandra Padhi
260 ## - PUBLICATION, DISTRIBUTION, ETC. (IMPRINT)
Place of publication, distribution, etc New Delhi
Name of publisher, distributor, etc National Paperbacks
Date of publication, distribution, etc 2023
270 ## - ADDRESS
Address 4230/1, Ansari Road, Darya Ganj
City New Delhi
Postal code 110002
Telephone number 011-41040710
300 ## - PHYSICAL DESCRIPTION
Extent cxv,=323p.
Dimensions 25cm.(Hb)
Other physical details ,ill
490 ## - SERIES STATEMENT
Volume number/sequential designation 1,2
500 ## - GENERAL NOTE
General note The Spiritual Science of God and His Creation/
942 ## - ADDED ENTRY ELEMENTS (KOHA)
Source of classification or shelving scheme Dewey Decimal Classification
Item type English Books
Classification part 230.2
Call number suffix PAD
Holdings
Withdrawn status Lost status Not for loan Collection code Home library Current library Date acquired Source of acquisition Cost, normal purchase price Full call number Barcode Copy number Cost, replacement price Koha item type Materials specified (bound volume or other part)
      Non-fiction Bawana Bawana 09/09/2024 DBAD 1250.00 230.2 PAD EN-125213 1 1250.00 English Books  
      Non-fiction Bawana Bawana 08/01/2025 Delivery of Books Division 1500.00 230.2 PAD EN-126789 1 1500.00 English Books VOL 2

© Delhi Public Library
Hit Counter
free hit counter